| 000 | 00808 a2200193 4500 | ||
|---|---|---|---|
| 003 | Nust | ||
| 005 | 20230104135056.0 | ||
| 010 | _a 78040726 | ||
| 020 | _a0582446309 : | ||
| 040 | _cNust | ||
| 082 | 0 | 0 | _a631.53,SIM |
| 100 | 1 |
_aSimmonds, N. W. _9106761 |
|
| 245 | 1 | 0 |
_aPrinciples of crop improvement / _cN. W. Simmonds. |
| 260 |
_aLondon ; _aNew York : _bLongman, _c1979. |
||
| 300 |
_axiv, 408 p. : _bill. ; _c23 cm. |
||
| 505 | _aThe Evolution of Crops (Page-1), Basic Features (Page-27), Objectives of Plant Breeding (Page-40), Genetic Aspects (Page-66), Breeding Plants (Page-123), Trials and Multiplication (Page-205), Discrete Resistance (Page-242), Special Tech (Page-279), New Crops and Genetic (Page-315), The Social Context (Page-337). | ||
| 650 | 0 |
_aPlant breeding. _9106762 |
|
| 942 |
_2ddc _cBK |
||
| 999 |
_c184077 _d184077 |
||